[Event "Hong Kong-ch"]
[Site "Hong Kong"]
[Date "2012.05.12"]
[Round "11"]
[White "Lee TH, Bryan"]
[Black "Koenigsberg, Andrew"]
[Result "0-1"]
[WhiteElo "1961"]
[BlackElo "1965"]
[PlyCount "110"]
[EventDate "2012.03.05"]
[EventType "tourn"]
[EventRounds "11"]
[EventCountry "HKG"]
[SourceTitle "EXT 2013"]
[Source "ChessBase"]
[SourceDate "2012.11.22"]
[SourceVersion "1"]
[SourceVersionDate "2012.11.22"]
[SourceQuality "1"]

1. e4 d6 2. d4 Nf6 3. Nc3 c6 4. f4 Qa5 5. Bd3 e5 6. Nf3 exd4 7. Nxd4 g6 8. Nf3 Bg7 9. Bd2 0-0 10. Qe2 Qc7 11. h3 Nbd7 12. g4 Re8 13. Kf1 b5 14. a3 Nxe4 15. Bxe4 d5 16. Qf2 dxe4 17. Re1 Bb7 18. Rxe4 Rxe4 19. Nxe4 Bxb2 20. c3 c5 21. Ng3 Qd6 22. Be3 Qd1+ 23. Kg2 Bxf3+ 24. Qxf3 Qxf3+ 25. Kxf3 Bxa3 26. Ne4 Nb6 27. Rb1 a6 28. Nxc5 Nc4 29. Ne4 Rd8 30. Bd4 f5 31. gxf5 gxf5 32. Rg1+ Kf8 33. Ng5 Rd7 34. Ne6+ Ke7 35. Ng7 Rd5 36. Nh5 b4 37. Rg7+ Kf8 38. Rc7 Rb5 39. cxb4 Nd2+ 40. Ke2 Bxb4 41. Rxh7 Ne4 42. Ra7 a5 43. Ng7 Be7 44. Be5 Ng3+ 45. Kf2 Bc5+ 46. Kxg3 Bxa7 47. Nxf5 Rxe5 48. fxe5 a4 49. e6 a3 50. e7+ Kf7 51. e8Q+ Kxe8 52. Nd6+ Kf8 53. Nb5 a2 54. Nxa7 a1Q 55. Nc6 Qc3+ 0-1

[Event "Hong Kong-ch"]
[Site "Hong Kong"]
[Date "2012.04.23"]
[Round "7"]
[White "Koenigsberg, Andrew"]
[Black "Muniz Pardino, Alberto"]
[Result "1-0"]
[WhiteElo "1965"]
[BlackElo "2127"]
[PlyCount "83"]
[EventDate "2012.03.05"]
[EventType "tourn"]
[EventRounds "11"]
[EventCountry "HKG"]
[SourceTitle "EXT 2013"]
[Source "ChessBase"]
[SourceDate "2012.11.22"]
[SourceVersion "1"]
[SourceVersionDate "2012.11.22"]
[SourceQuality "1"]

1. e4 g6 2. d4 Bg7 3. Nc3 c5 4. dxc5 Na6 5. Bc4 Nxc5 6. Nge2 d6 7. Be3 Be6 8. Bxe6 Nxe6 9. 0-0 Nf6 10. h3 0-0 11. f4 Qa5 12. Rb1 Rfd8 13. f5 Nc7 14. b4 Qa3 15. b5 Qa5 16. b6 axb6 17. Bxb6 Qe5 18. Bd4 Qa5 19. Rxb7 Rdb8 20. Qb1 Rxb7 21. Qxb7 Nd7 22. Bxg7 Kxg7 23. Qb2 Ne5 24. Qc1 Qc5+ 25. Kh2 Ra3 26. Qf4 f6 27. Qd2 Nc4 28. Qc1 g5 29. Rf3 Nb5 30. Qe1 Qe5+ 31. Qg3 Nxc3 32. Qxe5 Nxe5 33. Rxc3 Rxa2 34. Nd4 Ra8 35. Rc7 Kf7 36. Ne6 h5 37. Kg3 h4+ 38. Kf2 Rg8 39. Rc3 Ra8 40. Rc7 Re8 41. Rc3 Ra8 42. Rc7 1-0

[Event "Hong Kong-ch"]
[Site "Hong Kong"]
[Date "2012.04.12"]
[Round "6"]
[White "Tsang, Hon Ki"]
[Black "Koenigsberg, Andrew"]
[Result "1-0"]
[WhiteElo "2071"]
[BlackElo "1965"]
[PlyCount "103"]
[EventDate "2012.03.05"]
[EventType "tourn"]
[EventRounds "11"]
[EventCountry "HKG"]
[SourceTitle "EXT 2013"]
[Source "ChessBase"]
[SourceDate "2012.11.22"]
[SourceVersion "1"]
[SourceVersionDate "2012.11.22"]
[SourceQuality "1"]

1. e4 d6 2. d4 Nf6 3. Nc3 c6 4. f4 Qa5 5. Bd3 e5 6. Nf3 exd4 7. Nxd4 g6 8. 0-0 Qb6 9. Be2 Bg7 10. Kh1 0-0 11. Nb3 a5 12. Qxd6 a4 13. Qc5 Nfd7 14. Qxb6 Nxb6 15. Nc5 Bd4 16. Nd3 a3 17. Nd1 Nc4 18. c3 Bb6 19. b3 Nd6 20. N1f2 f5 21. e5 Nb5 22. Bd2 Rd8 23. Rfd1 Be6 24. Nh3 h6 25. Ng1 Nd7 26. Nf3 Nf8 27. Nb4 Nc7 28. c4 Bc5 29. Nc2 Be7 30. Bb4 Bxb4 31. Nxb4 Nd7 32. Nc2 Re8 33. Nfd4 Nc5 34. Bf3 Re7 35. Kg1 Bf7 36. g3 N7e6 37. Nxe6 Nxe6 38. Nd4 Nc5 39. Kf2 Kf8 40. Ke3 Bg8 41. Kd2 Ke8 42. Kc3 Bh7 43. Kb4 Nd7 44. Nc2 g5 45. Rd6 g4 46. Bg2 h5 47. Rad1 Bg8 48. Rh6 Bf7 49. Rdd6 Nf8 50. Nd4 Rc7 51. Nxf5 c5+ 52. Kc3 1-0

[Event "Hong Kong-ch"]
[Site "Hong Kong"]
[Date "2012.03.12"]
[Round "2"]
[White "Luk, Luen Wah"]
[Black "Koenigsberg, Andrew"]
[Result "0-1"]
[WhiteElo "2215"]
[BlackElo "1965"]
[PlyCount "62"]
[EventDate "2012.03.05"]
[EventType "tourn"]
[EventRounds "11"]
[EventCountry "HKG"]
[SourceTitle "EXT 2013"]
[Source "ChessBase"]
[SourceDate "2012.11.22"]
[SourceVersion "1"]
[SourceVersionDate "2012.11.22"]
[SourceQuality "1"]

1. d4 d5 2. c4 c6 3. Nf3 Nf6 4. e3 Bf5 5. Nc3 e6 6. Qb3 Qb6 7. Nh4 Qxb3 8. axb3 Bc2 9. cxd5 exd5 10. Nf3 Bxb3 11. Bd3 b5 12. Ne5 Nfd7 13. f4 Nxe5 14. fxe5 Nd7 15. Ra6 Nb6 16. e4 Bb4 17. Bd2 0-0 18. exd5 Bxc3 19. bxc3 Bxd5 20. 0-0 f6 21. exf6 Rxf6 22. Rfa1 Na4 23. c4 bxc4 24. Bxc4 Bxc4 25. R6xa4 Bb5 26. R4a3 Re8 27. Rxa7 Re2 28. Bb4 h5 29. Be1 Rg6 30. g3 Rf6 31. R7a2 Rf1+ 0-1

[Event "Hong Kong op"]
[Site "Hong Kong"]
[Date "2011.10.02"]
[Round "5"]
[White "Koenigsberg, Andrew"]
[Black "Muniz Pardino, Alberto"]
[Result "0-1"]
[WhiteElo "1947"]
[BlackElo "2107"]
[PlyCount "90"]
[EventDate "2011.10.01"]
[EventType "swiss"]
[EventRounds "7"]
[EventCountry "HKG"]
[SourceTitle "EXT 2024"]
[Source "ChessBase"]
[SourceDate "2023.10.10"]
[SourceVersion "1"]
[SourceVersionDate "2023.10.10"]
[SourceQuality "1"]

1. e4 d6 2. d4 Nf6 3. Nc3 e5 4. Nf3 Nbd7 5. Bc4 Be7 6. 0-0 0-0 7. a4 a5 8. Qe2 c6 9. Rd1 Qc7 10. Ba2 b6 11. Bg5 h6 12. Bc1 Ba6 13. Qe3 Rac8 14. Nh4 exd4 15. Rxd4 d5 16. exd5 Bc5 17. d6 Bxd6 18. Rxd6 Rce8 19. Re6 Rxe6 20. Bxe6 Re8 21. Qd4 fxe6 22. Be3 c5 23. Qd1 Bb7 24. Nb5 Qc6 25. Nd6 Rf8 26. Nxb7 Qxb7 27. Ng6 Re8 28. Qd3 Nd5 29. Bd2 Qc7 30. c4 Nb4 31. Bxb4 cxb4 32. b3 Nc5 33. Qb1 Qd6 34. h4 e5 35. h5 e4 36. Ra2 Rd8 37. Rb2 Qf6 38. Re2 Qg5 39. Rxe4 Nxe4 40. Qxe4 Rd1+ 41. Kh2 Qxh5+ 42. Nh4 Rd8 43. Qe6+ Kh8 44. g3 Re8 45. Qxb6 Qe2 0-1

[Event "Hong Kong-ch"]
[Site "Hong Kong"]
[Date "2011.06.20"]
[Round "10"]
[White "Qian, Kun Arthas"]
[Black "Koenigsberg, Andrew"]
[Result "1-0"]
[WhiteElo "2147"]
[BlackElo "1947"]
[PlyCount "75"]
[EventDate "2011.03.21"]
[EventType "tourn"]
[EventRounds "11"]
[EventCountry "HKG"]
[SourceTitle "EXT 2024"]
[Source "ChessBase"]
[SourceDate "2023.10.10"]
[SourceVersion "1"]
[SourceVersionDate "2023.10.10"]
[SourceQuality "1"]

1. d4 d5 2. c4 e5 3. dxe5 d4 4. Nf3 Nc6 5. a3 a5 6. Nbd2 Bg4 7. g3 Qd7 8. Bg2 f6 9. exf6 Nxf6 10. 0-0 Be7 11. b3 Rd8 12. Bb2 0-0 13. Re1 Bh3 14. e3 dxe3 15. Rxe3 Bc5 16. Re2 Bxg2 17. Kxg2 Ng4 18. Qf1 Bxf2 19. Qc1 Bd4 20. Nxd4 Nxd4 21. Bxd4 Qc6+ 22. Kg1 Rxd4 23. Qc3 Rfd8 24. Rf1 Rd3 25. Qxa5 Ne3 26. Rff2 Ng4 27. Rf4 b6 28. Qf5 Nf6 29. Rff2 h6 30. Nf3 Rd1+ 31. Kg2 R1d3 32. Kh3 Rxb3 33. Re6 Qxc4 34. Ne5 Qd5 35. Rxf6 gxf6 36. Qg6+ Kf8 37. Rxf6+ Ke7 38. Qg7+ 1-0

[Event "Hong Kong-ch"]
[Site "Hong Kong"]
[Date "2011.06.13"]
[Round "9"]
[White "Lai, Cyrus Ho Yeung"]
[Black "Koenigsberg, Andrew"]
[Result "0-1"]
[WhiteElo "1783"]
[BlackElo "1947"]
[PlyCount "86"]
[EventDate "2011.03.21"]
[EventType "tourn"]
[EventRounds "11"]
[EventCountry "HKG"]
[SourceTitle "EXT 2024"]
[Source "ChessBase"]
[SourceDate "2023.10.10"]
[SourceVersion "1"]
[SourceVersionDate "2023.10.10"]
[SourceQuality "1"]

1. e4 e5 2. Nf3 Nc6 3. Bb5 f5 4. d4 fxe4 5. Nxe5 Nxe5 6. dxe5 c6 7. Nc3 cxb5 8. Nxe4 d5 9. exd6 Nf6 10. 0-0 Nxe4 11. Qh5+ g6 12. Qe5+ Kf7 13. Qxh8 Nf6 14. Bh6 Bf5 15. Qxf8+ Qxf8 16. Bxf8 Rxf8 17. Rfe1 Re8 18. f3 Rxe1+ 19. Rxe1 Be6 20. Re5 a6 21. Kf2 Ne8 22. Rc5 h5 23. d7 Bxd7 24. Ke3 Kf6 25. Rd5 Bc6 26. Rd4 Ke5 27. g4 Bxf3 28. gxh5 gxh5 29. Rd7 Bc6 30. Rh7 Nf6 31. Rh8 b4 32. Kd2 Ke4 33. c3 bxc3+ 34. Kxc3 Nd5+ 35. Kd2 Nf4 36. a3 Kf3 37. Rf8 Kg4 38. Ke3 Ng2+ 39. Kf2 Kh3 40. Rh8 h4 41. Kg1 Ne1 42. Rd8 Nf3+ 43. Kf2 Kxh2 0-1

[Event "Hong Kong-ch"]
[Site "Hong Kong"]
[Date "2011.05.23"]
[Round "7"]
[White "Scott, Ian"]
[Black "Koenigsberg, Andrew"]
[Result "1/2-1/2"]
[WhiteElo "1590"]
[BlackElo "1947"]
[PlyCount "141"]
[EventDate "2011.03.21"]
[EventType "tourn"]
[EventRounds "11"]
[EventCountry "HKG"]
[SourceTitle "EXT 2024"]
[Source "ChessBase"]
[SourceDate "2023.10.10"]
[SourceVersion "1"]
[SourceVersionDate "2023.10.10"]
[SourceQuality "1"]

1. e4 e5 2. Nf3 Nc6 3. Bb5 f5 4. Qe2 fxe4 5. Qxe4 Nf6 6. Qe2 Be7 7. Nc3 Nd4 8. Nxd4 exd4 9. Ne4 0-0 10. 0-0 c6 11. Ba4 d5 12. Ng3 Bd6 13. d3 Ng4 14. h3 Nxf2 15. Rxf2 Bxg3 16. Rxf8+ Qxf8 17. Bd2 Bd7 18. Rf1 Qd6 19. c3 Qg6 20. Kh1 Bd6 21. Rf3 Rc8 22. Qf1 dxc3 23. bxc3 Rf8 24. Bd1 Rxf3 25. Qxf3 Bf5 26. Be2 Qg3 27. Qxg3 Bxg3 28. d4 Kf7 29. Kg1 Kf6 30. Kf1 g6 31. Be3 h5 32. Bd2 Be4 33. Be3 Kf5 34. Bd2 Bb1 35. a3 Ke4 36. Bd1 Bd3+ 37. Be2 b6 38. Bc1 c5 39. dxc5 bxc5 40. a4 a5 41. Bd2 c4 42. Bg5 Be5 43. Bd2 Bxe2+ 44. Kxe2 Bf4 45. Be1 Be3 46. Bg3 Bb6 47. Be1 Bc7 48. Bf2 g5 49. Be1 g4 50. hxg4 hxg4 51. Bf2 Be5 52. Be1 g3 53. Bd2 Bf4 54. Be1 Bd6 55. Bd2 Bf4 56. Be1 Bb8 57. Bd2 Bc7 58. Be1 d4 59. cxd4 Kxd4 60. Kd2 Bd6 61. Kc2 Bc7 62. Bd2 Kc5 63. Be1 Kd4 64. Bd2 Kc5 65. Be1 Kd5 66. Bd2 Kd4 67. Be1 Ke3 68. Kc3 Ke2 69. Bxg3 Bxg3 70. Kxc4 Kf2 71. Kb5 1/2-1/2